பாண்டியர் வரலாறு - Pāṇṭiyar varalāṟu ஆசிரியர் கே.வி. இராமன் : (Record no. 600084)

MARC details
000 -LEADER
fixed length control field 00607nam a2200181 a 4500
008 - FIXED-LENGTH DATA ELEMENTS--GENERAL INFORMATION
fixed length control field 251204s1977##################000#0#eng##
082 04 - DEWEY DECIMAL CLASSIFICATION NUMBER
Classification number 592
Item number RAN
100 1# - MAIN ENTRY--AUTHOR NAME
Personal name இராமன், கே. வி. - Irāmaṉ, kē. Vi.,
245 10 - TITLE STATEMENT
Title பாண்டியர் வரலாறு - Pāṇṭiyar varalāṟu ஆசிரியர் கே.வி. இராமன் :
260 ## - PUBLICATION, DISTRIBUTION, ETC. (IMPRINT)
Year of publication 1977.
300 ## - PHYSICAL DESCRIPTION
Number of Pages [vii], 337 p. ill., maps
500 ## - GENERAL NOTE
General note Includes bibliographical references
942 ## - ADDED ENTRY ELEMENTS (KOHA)
Koha item type Reference
Holdings
Withdrawn status Lost status Damaged status Not for loan Home library Current library Shelving location Date acquired Full call number Accession Number Price effective from Koha item type
        Anna Centenary Library Anna Centenary Library COMPETITIVE SECTION - SEVENTH FLOOR 04.12.2025 592 RAN G014845 04.12.2025 Reference

Find us on the map